000 00868nam a2200277Ia 4500
003 OSt
005 20221006144505.0
006 a|||||r|||| 00| 0
007 ta
008 221006b |||||||| |||| 00| 0 eng d
020 _c60.00 (each)
024 _a11,785
037 _cTextual
040 _aEASL
_cEASL
_beng
041 _2eng
_aeng
082 _aV2:19498.N3, E0;1
100 _aYounghusband Sir Francis
_9252706
245 0 _aIndia and Tibet
_b A history of the relations which have subsisted between the two countries from the time of Warren Hastings to 1910
260 _aDelhi
_bOriental Pub. India
_c1971
300 _a455p.
_ccm.
490 _v Gen
650 _a Gen
650 _aIndia - Foreign relations - Tibet
_9652115
942 _hV2:19498.N3, E0;1
_cTEXL
_2CC
999 _c1079871
_d1079871